[Event "4NCL Division 3 Central"]
[Site "Leamington Spa, ENG"]
[Date "2022.03.26"]
[Round "5.46"]
[White "Di-Vetta, Andrew"]
[Black "Levens, David G"]
[Result "0-1"]
[WhiteElo "1730"]
[BlackElo "1878"]
[PlyCount "90"]
[EventDate "2022.03.26"]
[WhiteTeam "West is Best 3"]
[BlackTeam "Ashfield 1"]

1. e4 c5 2. Nf3 d6 3. g3 Nc6 4. Bg2 Nf6 5. d3 g6 6. O-O Bg7 7. Nbd2 O-O 8. Re1
Qc7 9. c3 Bd7 10. Nf1 Rac8 11. Ne3 e6 12. a4 a6 13. Bd2 b5 14. axb5 axb5 15.
Ng5 h6 16. Nh3 Ra8 17. Qc2 Rfb8 18. f4 Rxa1 19. Rxa1 b4 20. Qd1 Qc8 21. Nc4 Ne8
22. Nf2 bxc3 23. bxc3 Qb7 24. e5 d5 25. Na5 Nxa5 26. Rxa5 Qb6 27. Qa1 Bf8 28.
h4 Qb1+ 29. Kh2 Qxa1 30. Rxa1 Rb2 31. Be1 Ng7 32. Ng4 Bc6 33. Kh3 Nf5 34. Bf2
h5 35. Nf6+ Kg7 36. Bg1 Be7 37. c4 Rxg2 38. Kxg2 dxc4+ 39. Kf2 cxd3 40. Rc1 Nd4
41. Ke3 Nb3 42. Rb1 c4 43. Ne4 Bxe4 44. Rd1 Bf5 45. Bf2 Bc5+ 0-1

[Event "4NCL Division 3 Central"]
[Site "Leamington Spa, ENG"]
[Date "2022.03.26"]
[Round "5.51"]
[White "Adams, Mark"]
[Black "Waterfield, Mark"]
[Result "1-0"]
[WhiteElo "2002"]
[BlackElo "1831"]
[PlyCount "57"]
[EventDate "2022.03.26"]
[WhiteTeam "The Full Ponty"]
[BlackTeam "Oxford 3"]

1. e4 e6 2. d4 d5 3. Nc3 Bb4 4. e5 b6 5. a3 Bf8 6. f4 Nh6 7. Nf3 Be7 8. Bd3 Ba6
9. Ne2 Bxd3 10. Qxd3 c5 11. Be3 O-O 12. Ng3 Nc6 13. c3 c4 14. Qc2 Na5 15. O-O
f6 16. Rae1 f5 17. h3 Qd7 18. Qe2 Nf7 19. Nh5 Nh8 20. g4 h6 21. g5 Kh7 22. Kh2
Qe8 23. Nh4 Ng6 24. Nxg6 Qxg6 25. gxh6 gxh6 26. Rg1 Qe8 27. Rg7+ Kh8 28. Reg1
Bh4 29. R1g6 1-0

[Event "4NCL Division 3 Central"]
[Site "Leamington Spa, ENG"]
[Date "2022.03.26"]
[Round "5.52"]
[White "Davis, Cameron"]
[Black "Richmond, Peter"]
[Result "0-1"]
[WhiteElo "1754"]
[BlackElo "2036"]
[PlyCount "66"]
[EventDate "2022.03.26"]
[WhiteTeam "Oxford 3"]
[BlackTeam "The Full Ponty"]

1. e4 e6 2. d4 d5 3. Bd3 dxe4 4. Bxe4 Nf6 5. Bf3 c5 6. Ne2 Nc6 7. Be3 cxd4 8.
Nxd4 Bd7 9. Nxc6 bxc6 10. O-O Be7 11. c4 Qc7 12. Nc3 O-O 13. Qc2 e5 14. Bg5
Rfe8 15. Ne4 Nxe4 16. Bxe7 Rxe7 17. Bxe4 g6 18. Qd2 Be6 19. Rac1 Rd8 20. Qe2
Rd4 21. Rfd1 Red7 22. Rxd4 Rxd4 23. b3 f5 24. Bc2 Qd6 25. Rd1 Kf7 26. h3 c5 27.
Rxd4 Qxd4 28. Qe1 e4 29. Qa5 e3 30. Qxa7+ Kf6 31. Qxh7 e2 32. Qh8+ Ke7 33. Qh7+
Bf7 0-1

[Event "4NCL Division 3 Central"]
[Site "Leamington Spa, ENG"]
[Date "2022.03.26"]
[Round "5.53"]
[White "Fletcher, John"]
[Black "Staples, Neil"]
[Result "1-0"]
[WhiteElo "2084"]
[BlackElo "1818"]
[PlyCount "73"]
[EventDate "2022.03.26"]
[WhiteTeam "The Full Ponty"]
[BlackTeam "Oxford 3"]

1. d4 g6 2. e4 Bg7 3. Nc3 d6 4. Be3 Nd7 5. f4 e6 6. Nf3 Ne7 7. Qd2 h6 8. g4 b6
9. O-O-O Bb7 10. Be2 Nf6 11. f5 Nxg4 12. fxe6 fxe6 13. Rhg1 Nxe3 14. Qxe3 h5
15. Ng5 Qd7 16. d5 exd5 17. exd5 O-O-O 18. Bb5 c6 19. dxc6 Bxc6 20. Qd3 Bh6 21.
Kb1 Bxg5 22. Rxg5 Rhf8 23. Bxc6 Qxc6 24. Nb5 Kb8 25. a4 Rf5 26. Nd4 Qxa4 27.
Nxf5 gxf5 28. Rxh5 Nc6 29. Rxf5 Qg4 30. Rdf1 Nb4 31. h3 Qg2 32. Qb3 a5 33. Rf8
Kc7 34. R1f7+ Rd7 35. Rxd7+ Kxd7 36. Qf7+ Kc6 37. Qf3+ 1-0

[Event "4NCL Division 3 Central"]
[Site "Leamington Spa, ENG"]
[Date "2022.03.26"]
[Round "5.54"]
[White "Cole, Graham"]
[Black "Hughes, Anthony"]
[Result "0-1"]
[WhiteElo "1797"]
[BlackElo "1937"]
[PlyCount "92"]
[EventDate "2022.03.26"]
[WhiteTeam "Oxford 3"]
[BlackTeam "The Full Ponty"]

1. e4 c6 2. d4 d5 3. exd5 cxd5 4. Bd3 Nc6 5. c3 Nf6 6. Bf4 Bg4 7. f3 Bh5 8. Nh3
e6 9. O-O Bd6 10. Re1 Bg6 11. Bxd6 Qxd6 12. Na3 a6 13. Nc2 Bxd3 14. Qxd3 O-O
15. Qd2 b5 16. Qf4 Qxf4 17. Nxf4 a5 18. Nd3 Nd7 19. Ne5 Ndxe5 20. dxe5 Rfc8 21.
a3 Kf8 22. Kf2 Ke7 23. Rad1 Rab8 24. Nd4 b4 25. Nxc6+ Rxc6 26. axb4 axb4 27.
cxb4 Rxb4 28. Re2 Rcb6 29. Rdd2 f6 30. exf6+ Kxf6 31. g3 g5 32. h3 h5 33. Kg2
R6b5 34. Rc2 Rb6 35. Rcd2 d4 36. Re4 e5 37. Ree2 h4 38. f4 gxf4 39. gxf4 exf4
40. Kf2 Kf5 41. b3 Re6 42. Rxe6 Kxe6 43. Kf3 Kf5 44. Rd3 Ke5 45. Kg4 Rb8 46.
Kxh4 Kf5 0-1

[Event "4NCL Division 3 Central"]
[Site "Leamington Spa, ENG"]
[Date "2022.03.26"]
[Round "5.55"]
[White "Davies, Peter"]
[Black "Evans, Christopher J"]
[Result "1-0"]
[WhiteElo "1983"]
[BlackElo "1745"]
[PlyCount "59"]
[EventDate "2022.03.26"]
[WhiteTeam "The Full Ponty"]
[BlackTeam "Oxford 3"]

1. e4 Nc6 2. d4 d6 3. Nf3 g6 4. Bc4 Bg7 5. O-O e5 6. dxe5 Nxe5 7. Nxe5 Bxe5 8.
f4 Bg7 9. c3 Ne7 10. f5 f6 11. Bf4 Nc6 12. Qe2 Qe7 13. Nd2 Bd7 14. b4 O-O-O 15.
Qf2 b6 16. Ba6+ Kb8 17. a4 gxf5 18. exf5 Ne5 19. Rfe1 Bc6 20. a5 h5 21. Nb3 Bh6
22. Nd4 Ba8 23. Bb5 Rdg8 24. Nc6+ Bxc6 25. Bxc6 Qg7 26. Bxe5 dxe5 27. Qf1 Qf8
28. axb6 cxb6 29. Rxa7 Kxa7 30. Qa6+ 1-0

[Event "4NCL Division 3 Central"]
[Site "Leamington Spa, ENG"]
[Date "2022.03.26"]
[Round "5.56"]
[White "Neatherway, A Philip"]
[Black "Dixon, Chris"]
[Result "1-0"]
[WhiteElo "1781"]
[BlackElo "1828"]
[PlyCount "93"]
[EventDate "2022.03.26"]
[WhiteTeam "Oxford 3"]
[BlackTeam "The Full Ponty"]

1. e4 e5 2. Nf3 Nf6 3. d4 Nxe4 4. Bd3 Nc6 5. dxe5 Nc5 6. O-O Be7 7. Nc3 O-O 8.
Nd5 d6 9. Nxe7+ Qxe7 10. Bg5 Qe6 11. exd6 Qxd6 12. Be2 Qxd1 13. Raxd1 Bg4 14.
h3 Bh5 15. g4 Bg6 16. c3 Ne6 17. Rd7 h6 18. Be3 Rad8 19. Rfd1 Rxd7 20. Rxd7 Rd8
21. Rxd8+ Nexd8 22. Nd4 Nxd4 23. Bxd4 Bb1 24. a3 a6 25. f4 Be4 26. Kf2 Nc6 27.
Be3 Kf8 28. h4 Ne7 29. Bc5 Ke8 30. Bf3 Bxf3 31. Kxf3 b6 32. Bd4 f6 33. Ke4 Kf7
34. c4 Ke6 35. f5+ Kd6 36. b4 c5 37. bxc5+ bxc5 38. Be3 Nc6 39. Bf4+ Kd7 40.
Kd5 Ne7+ 41. Kxc5 Nc6 42. a4 a5 43. Bd6 Nb4 44. Bf8 Nd3+ 45. Kb6 Ne5 46. c5
Nxg4 47. Kb7 1-0

[Event "4NCL Division 3 Central"]
[Site "Leamington Spa, ENG"]
[Date "2022.03.26"]
[Round "5.62"]
[White "Goodwin, Ed H"]
[Black "Beckett, Richard"]
[Result "1-0"]
[WhiteElo "1827"]
[BlackElo "1635"]
[PlyCount "43"]
[EventDate "2022.03.26"]
[WhiteTeam "Throw in the Tal"]
[BlackTeam "Oxford 4"]

1. d4 Nf6 2. c4 c5 3. d5 b5 4. a4 b4 5. Nd2 g6 6. e4 d6 7. f4 Nbd7 8. Ngf3 Bg7
9. Bd3 O-O 10. O-O a5 11. Qe1 Qc7 12. Qh4 Ba6 13. Rb1 Rab8 14. b3 e6 15. dxe6
fxe6 16. Bb2 Rbe8 17. Ng5 h6 18. Ngf3 d5 19. e5 Nh7 20. Bxg6 Rd8 21. Bxh7+ Kxh7
22. Ng5+ 1-0

[Event "4NCL Division 3 Central"]
[Site "Leamington Spa, ENG"]
[Date "2022.03.26"]
[Round "5.63"]
[White "Tringali, Alessandro"]
[Black "Manickam, Saravanna Bava"]
[Result "1-0"]
[WhiteElo "1641"]
[BlackElo "1763"]
[PlyCount "65"]
[EventDate "2022.03.26"]
[WhiteTeam "Oxford 4"]
[BlackTeam "Throw in the Tal"]

1. e4 d5 2. exd5 Nf6 3. Nf3 Nxd5 4. d4 Bf5 5. Bd3 Bxd3 6. Qxd3 c6 7. O-O e6 8.
Bg5 Be7 9. Bxe7 Nxe7 10. Qb3 Qc7 11. Re1 O-O 12. Ng5 Nf5 13. Qb4 a5 14. Qc4 h6
15. Nf3 Nd7 16. Nc3 Rac8 17. a4 Qb6 18. b3 Rfd8 19. Ne5 Qxd4 20. Qxd4 Nxd4 21.
Rac1 Nb6 22. Ne2 Nxe2+ 23. Rxe2 Rd6 24. Nd3 Nd7 25. f4 Rd8 26. Rf1 Rd5 27. g4
Nc5 28. Ne5 Rd1 29. Nc4 Rxf1+ 30. Kxf1 Rd5 31. Nxa5 b5 32. Nxc6 bxa4 33. Ne7+
1-0

[Event "4NCL Division 3 Central"]
[Site "Leamington Spa, ENG"]
[Date "2022.03.26"]
[Round "5.64"]
[White "Scaife, Warrick"]
[Black "Hertog, Alexander"]
[Result "0-1"]
[WhiteElo "1693"]
[BlackElo "1489"]
[PlyCount "46"]
[EventDate "2022.03.26"]
[WhiteTeam "Throw in the Tal"]
[BlackTeam "Oxford 4"]

1. e4 c6 2. d4 d5 3. f3 dxe4 4. fxe4 e5 5. Nf3 exd4 6. Bc4 f6 7. c3 c5 8. Qb3
Nh6 9. Bxh6 gxh6 10. Bf7+ Ke7 11. O-O Qb6 12. cxd4 cxd4 13. e5 Qxb3 14. exf6+
Kxf7 15. axb3 Nc6 16. Nbd2 Be6 17. Rae1 Bb4 18. Ne4 Bxe1 19. Rxe1 Bd5 20. Nd6+
Kxf6 21. Nh4 Rhg8 22. g3 b6 23. b4 d3 0-1

[Event "4NCL Division 3 Central"]
[Site "Leamington Spa, ENG"]
[Date "2022.03.26"]
[Round "5.65"]
[White "Rumsby, Stephen"]
[Black "Conway, John"]
[Result "1-0"]
[WhiteElo "1587"]
[BlackElo "1710"]
[PlyCount "95"]
[EventDate "2022.03.26"]
[WhiteTeam "Oxford 4"]
[BlackTeam "Throw in the Tal"]

1. e4 e5 2. Nf3 Nc6 3. Bb5 a6 4. Ba4 Nf6 5. O-O b5 6. Bb3 Be7 7. Re1 d6 8. h3
h6 9. c3 O-O 10. d4 Na5 11. Bc2 exd4 12. cxd4 c5 13. e5 dxe5 14. dxe5 Qxd1 15.
Rxd1 Nd7 16. Nc3 Nb6 17. b3 Be6 18. Bb2 c4 19. Nd4 cxb3 20. axb3 b4 21. Nxe6
fxe6 22. Ne2 Nc6 23. Be4 Nd5 24. Rxd5 exd5 25. Bxd5+ Kh8 26. Bxc6 Rad8 27. Nd4
Bc5 28. Ne6 Rxf2 29. Nxd8 Rxb2+ 30. Kh1 Rxb3 31. Rxa6 Rb1+ 32. Kh2 Bg1+ 33. Kg3
Re1 34. e6 b3 35. Nf7+ Kh7 36. Ba4 Re3+ 37. Kf4 g5+ 38. Kf5 b2 39. Bc2 Re2 40.
Bb1 Re1 41. e7 Rxb1 42. Rxh6+ Kg7 43. e8=Q Rf1+ 44. Ke6 Re1+ 45. Ne5 Rxe5+ 46.
Kxe5 Bh2+ 47. Ke6 Kxh6 48. Qh8+ 1-0

[Event "4NCL Division 3 Central"]
[Site "Leamington Spa, ENG"]
[Date "2022.03.26"]
[Round "5.66"]
[White "Woolgar, Steven G"]
[Black "Matilal, Tamal"]
[Result "1-0"]
[WhiteElo "1643"]
[BlackElo "1374"]
[PlyCount "61"]
[EventDate "2022.03.26"]
[WhiteTeam "Throw in the Tal"]
[BlackTeam "Oxford 4"]

1. c4 Nf6 2. Nc3 d5 3. cxd5 Nxd5 4. d4 Nc6 5. Nf3 g6 6. e4 Nxc3 7. bxc3 Bg4 8.
Be2 Bg7 9. Be3 a6 10. O-O b5 11. Rb1 O-O 12. d5 Bxf3 13. Bxf3 Na5 14. Bd4 f6
15. Re1 Qd6 16. Qe2 Nc4 17. a4 Rab8 18. axb5 axb5 19. h4 e6 20. dxe6 c5 21. Be3
f5 22. exf5 gxf5 23. Red1 Qc7 24. Bd5 Nb6 25. e7+ Nxd5 26. exf8=Q+ Bxf8 27.
Rxd5 f4 28. Qg4+ Qg7 29. Qxg7+ Bxg7 30. Bxf4 Bxc3 31. Bxb8 1-0

[Event "4NCL Division 3 Central"]
[Site "Leamington Spa, ENG"]
[Date "2022.03.26"]
[Round "5.71"]
[White "Klein, Raimund"]
[Black "Flynn, David"]
[Result "1-0"]
[WhiteElo "1968"]
[BlackElo "1854"]
[PlyCount "83"]
[EventDate "2022.03.26"]
[WhiteTeam "Shropshire and Friends 1"]
[BlackTeam "Ashfield 2"]

1. e4 c5 2. Nf3 Nc6 3. d4 cxd4 4. Nxd4 g6 5. c4 Bg7 6. Be3 Nf6 7. Nc3 d6 8. Be2
Bd7 9. O-O O-O 10. f3 Nxd4 11. Bxd4 Bc6 12. Qd2 a5 13. b3 Nd7 14. Bf2 Nc5 15.
Rab1 f5 16. exf5 gxf5 17. Nd5 e6 18. Ne3 Be5 19. Nc2 Qe7 20. Rfd1 b6 21. Nd4
Be8 22. a3 a4 23. b4 Nb3 24. Nxb3 axb3 25. f4 Bf6 26. Qxd6 Qxd6 27. Rxd6 Rxa3
28. Bd4 Bxd4+ 29. Rxd4 Bc6 30. Kf2 Be4 31. Bd3 Ra2+ 32. Ke3 Bxg2 33. Rxb3 e5
34. Rd6 e4 35. Bb1 Ra6 36. c5 Rb8 37. b5 Ra5 38. c6 Rc8 39. Rd5 Bf1 40. Rxf5
Rxc6 41. bxc6 Rxf5 42. Bxe4 1-0

[Event "4NCL Division 3 Central"]
[Site "Leamington Spa, ENG"]
[Date "2022.03.26"]
[Round "5.72"]
[White "Bromilow, Edward T"]
[Black "Higgie, Charles L"]
[Result "1/2-1/2"]
[WhiteElo "1795"]
[BlackElo "1915"]
[PlyCount "45"]
[EventDate "2022.03.26"]
[WhiteTeam "Ashfield 2"]
[BlackTeam "Shropshire and Friends 1"]

1. e4 c5 2. Nf3 d6 3. Bb5+ Bd7 4. Bxd7+ Qxd7 5. O-O Nc6 6. c3 Nf6 7. Re1 e5 8.
d4 g6 9. dxc5 dxc5 10. Qxd7+ Nxd7 11. Na3 Be7 12. Bg5 Nb6 13. Rad1 Bxg5 14.
Nxg5 Ke7 15. b3 Rad8 16. Nc2 Rxd1 17. Rxd1 Rd8 18. Rxd8 Nxd8 19. Ne3 f6 20. Nf3
Kd6 21. Nd2 Ne6 22. g3 Nc7 23. a4 1/2-1/2

[Event "4NCL Division 3 Central"]
[Site "Leamington Spa, ENG"]
[Date "2022.03.26"]
[Round "5.73"]
[White "Bryant, Richard B E"]
[Black "Bentley, Alex"]
[Result "1-0"]
[WhiteElo "1811"]
[BlackElo "1756"]
[PlyCount "63"]
[EventDate "2022.03.26"]
[WhiteTeam "Shropshire and Friends 1"]
[BlackTeam "Ashfield 2"]

1. e4 c5 2. Nc3 Nc6 3. f4 e6 4. Nf3 d5 5. Bb5 Nge7 6. O-O g6 7. d3 Bg7 8. Qe1
O-O 9. Bxc6 Nxc6 10. Qf2 b6 11. Rd1 Bb7 12. e5 f6 13. Qg3 fxe5 14. Nxe5 Nxe5
15. fxe5 Qc7 16. Re1 Rf5 17. Nb5 Qd7 18. Nd6 Bxe5 19. Rxe5 Qxd6 20. Bf4 Qf8 21.
Rxf5 Qxf5 22. Bd6 Qf6 23. Be5 Qe7 24. Bd6 Qf6 25. c3 Re8 26. Rf1 Qg7 27. Be5
Qe7 28. Bf6 Qd7 29. d4 Ba6 30. Rf2 Qa4 31. h4 Qd7 32. h5 1-0

[Event "4NCL Division 3 Central"]
[Site "Leamington Spa, ENG"]
[Date "2022.03.26"]
[Round "5.74"]
[White "Fraser, Chris"]
[Black "Pugh, Glyn D"]
[Result "0-1"]
[WhiteElo "1648"]
[BlackElo "1795"]
[PlyCount "76"]
[EventDate "2022.03.26"]
[WhiteTeam "Ashfield 2"]
[BlackTeam "Shropshire and Friends 1"]

1. e4 e6 2. d4 d5 3. Nc3 Bb4 4. e5 Ne7 5. Bd2 c5 6. f4 cxd4 7. Nb5 Bc5 8. b4 a6
9. bxc5 axb5 10. Nf3 Nbc6 11. Bxb5 Bd7 12. O-O Nxe5 13. Nxd4 N5c6 14. Nf3 O-O
15. Bc3 f6 16. Bd3 Qc7 17. g3 Nd8 18. Bd4 Nec6 19. Bf2 Nf7 20. a3 Rad8 21. Nd4
Nxd4 22. Bxd4 e5 23. fxe5 fxe5 24. Bf2 e4 25. Be2 Bh3 26. Re1 Ne5 27. Bd4 Nf3+
28. Bxf3 Rxf3 29. Qd2 Rdf8 30. Qg5 Qf7 31. Qc1 Qf5 32. Be3 h5 33. Bf4 Qg4 34.
Qd2 R3xf4 35. Qxd5+ R4f7 36. Rxe4 Qxe4 37. Qxe4 Rf1+ 38. Rxf1 Rxf1# 0-1

[Event "4NCL Division 3 Central"]
[Site "Leamington Spa, ENG"]
[Date "2022.03.26"]
[Round "5.75"]
[White "Holmes, Thalia"]
[Black "Wright, Nigel"]
[Result "1-0"]
[WhiteElo "1654"]
[BlackElo "1680"]
[PlyCount "69"]
[EventDate "2022.03.26"]
[WhiteTeam "Shropshire and Friends 1"]
[BlackTeam "Ashfield 2"]

1. f4 d6 2. Nf3 c6 3. b3 Qc7 4. Bb2 Bg4 5. e4 Nd7 6. d4 Ngf6 7. e5 Nd5 8. h3
Bxf3 9. Qxf3 e6 10. c4 Nb4 11. Bd3 dxe5 12. fxe5 Nxd3+ 13. Qxd3 O-O-O 14. Qe3
Bb4+ 15. Bc3 Bxc3+ 16. Nxc3 f5 17. O-O Nb6 18. Rac1 Kb8 19. a4 Rd7 20. Rfd1 Qd8
21. a5 Nc8 22. b4 b6 23. b5 Qc7 24. d5 c5 25. dxe6 Rxd1+ 26. Rxd1 Qe7 27. axb6
axb6 28. Qf3 Qxe6 29. Ra1 Na7 30. Ra6 Re8 31. Na4 Qxe5 32. Rxb6+ Kc7 33. Rb7+
Kc8 34. Nb6+ Kd8 35. Rd7# 1-0

[Event "4NCL Division 3 Central"]
[Site "Leamington Spa, ENG"]
[Date "2022.03.26"]
[Round "5.76"]
[White "Brown, Stephanie"]
[Black "Slegg, Gary"]
[Result "0-1"]
[WhiteElo "1415"]
[BlackElo "1529"]
[PlyCount "92"]
[EventDate "2022.03.26"]
[WhiteTeam "Ashfield 2"]
[BlackTeam "Shropshire and Friends 1"]

1. d4 Nf6 2. c4 e6 3. Nc3 Bb4 4. a3 Bxc3+ 5. bxc3 c5 6. e3 Ne4 7. Qd3 Qh4 8.
Nh3 f5 9. g3 Qh5 10. Bg2 Nc6 11. O-O O-O 12. d5 Ne5 13. Nf4 Nxd3 14. Nxh5 Nxc3
15. dxe6 Ne2+ 16. Kh1 Nexc1 17. exd7 Bxd7 18. Bxb7 Rab8 19. Bd5+ Kh8 20. Kg2
Rb2 21. Nf4 Nxf4+ 22. exf4 Ne2 23. Rfe1 Rfb8 24. Bf3 Nd4 25. Re5 Nxf3 26. Kxf3
Bc6+ 27. Ke3 Re8 28. Rxe8+ Bxe8 29. Re1 Bf7 30. Rd1 Rb3+ 31. Rd3 Bxc4 32. Rxb3
Bxb3 33. Kd3 c4+ 34. Kc3 a5 35. h4 h5 36. f3 g6 37. Kd4 Kg7 38. Kc3 Kf6 39. Kd4
Ke6 40. Kc3 Kd5 41. g4 Bd1 42. gxh5 gxh5 43. Kd2 Bxf3 44. Ke3 Bg4 45. Kd2 Ke4
46. Kc3 Be2 0-1